Đóng góp của văn thơ Hà Bắc hiện đại và vấn đề phát triển văn nghệ địa phương /

Saved in:
Bibliographic Details
Main Author: Phong Lê.
Format: Article
Language:Vietnamese
Subjects:
Tags: Add Tag
No Tags, Be the first to tag this record!
Institutions: Thư viện Trường Đại học Đà Lạt
LEADER 00817nam a2200265 4500
001 DLU090074481
005 ##20090509
040 # # |a DLU  |b vie 
041 # # |a vie 
044 # # |a vn 
100 # # |a Phong Lê. 
245 # # |a Đóng góp của văn thơ Hà Bắc hiện đại và vấn đề phát triển văn nghệ địa phương /  |c Phong Lê.  
653 # # |a Lí luận văn học  
653 # # |a Nghiên cứu căn học  
653 # # |a Văn nghệ quần chúng  
773 # # |t Tạp chí văn học  |g Số 2, 1983, tr.84-96 
920 # # |a Phòng Tạp chí -- Trung tâm Thông tin - Thư viện Trường Đại học Đà Lạt 
994 # # |a DLU 
900 # # |a True 
911 # # |a Nguyễn Thị Linh Chi 
925 # # |a G 
926 # # |a A 
927 # # |a BB 
980 # # |a Thư viện Trường Đại học Đà Lạt